The Essential antifederalist /

Bibliographic Details
Other Authors: Allen, W. B. (William Barclay), 1944-, Lloyd, Gordon, 1942-, Lloyd, Margie
Format: Book
Language:English
Published: Lanham, MD : University Press of America, [1985]
Subjects:

MARC

Tag First Indicator Second Indicator Subfields
LEADER 00000cam a2200000 a 4500
001 in00000019492
005 20151007053631.0
008 850220s1985 mdu 00000 eng
010 |a  85005303  
020 |a 0819146315 (alk. paper) :  |c $24.50 
020 |a 0819146323 (pbk. : alk. paper) :  |c $9.75 
035 |a (OCoLC)11785813 
035 |9 AAB2303AM 
040 |a DLC  |c DLC  |d m/c  |d TXA  |d UtOrBLW 
043 |a n-us--- 
049 |a TXAM  |c [A11061464] 
050 0 0 |a JK155  |b .E84 1985 
082 0 |a 342.73/029  |a 347.30229  |2 19 
245 0 4 |a The Essential antifederalist /  |c edited by W.B. Allen and Gordon Lloyd, associate editor, Margie Lloyd. 
264 1 |a Lanham, MD :  |b University Press of America,  |c [1985] 
264 4 |c ©1985 
300 |a xviii, 274 pages ;  |c 24 cm. 
336 |a text  |b txt  |2 rdacontent 
337 |a unmediated  |b n  |2 rdamedia 
338 |a volume  |b nc  |2 rdacarrier 
650 0 |a Political science  |z United States  |x History  |v Sources. 
650 0 |a Constitutional history  |z United States  |v Sources. 
650 0 |a Constitutional law  |z United States. 
700 1 |a Allen, W. B.  |q (William Barclay),  |d 1944- 
700 1 |a Lloyd, Gordon,  |d 1942- 
700 1 |a Lloyd, Margie. 
999 |a MARS 
999 f f |s 89b8c22f-849a-39c0-ac1a-125ebdef871a  |i 2498d8e5-f6ca-38f0-9e34-5f149f4af969  |t 0 
952 f f |p ric  |a Texas A&M University  |b Rellis Campus  |c Joint Library Facility  |d Remote Storage  |t 0  |e JK155 .E84 1985  |h Library of Congress classification  |i unmediated -- volume  |m A14811061464 
998 f f |a JK155 .E84 1985  |t 0  |l Remote Storage